Normal view
MARC view
- علم النفس التربوي-القياس النفسي. الإختبارات والقياسات التعليمية
Entry Topical Term
001 - CONTROL NUMBER
- control field: 27982
003 - CONTROL NUMBER IDENTIFIER
- control field: JO-AjAnu
005 - DATE AND TIME OF LATEST TRANSACTION
- control field: 20230606074739.0
008 - FIXED-LENGTH DATA ELEMENTS
- fixed length control field: 230606|| aca||aabn | a|a d
040 ## - CATALOGING SOURCE
- Original cataloging agency: JO-AjAnu
- Transcribing agency: JO-AjAnu
150 ## - HEADING--TOPICAL TERM
- Topical term or geographic name entry element: علم النفس التربوي-القياس النفسي. الإختبارات والقياسات التعليمية
670 ## - SOURCE DATA FOUND
- Source citation: Work cat.: (JO-AjAnu)14365: علام،صلاح الدين, author 27981, القياس والتقويم التربوي والنفسي:أساسياته وتطبيقاته وتوجيهاته المعاصرة